000 00353nam a2200145Ia 4500
008 221030s9999 xx 000 0 und d
020 _a9780070667563
041 _aEnglish
100 _aS. K. Mitra
245 0 _aDigital Signal Processing
_cby S. K. Mitra
260 _bTMH
_aNew Delhi
_c2009
300 _a916
650 _aBB Computer
942 _cBK
999 _c18800
_d18800